Fleuves et rivières sur une carte du Monde - Extrême - Statistiques

Statistiques générales
  • Ce quiz a été pris 11 150 fois
  • Le résultat moyen est 31 sur 100
Réponses sur la Carte
Les réponses sont colorées sur une échelle allant du rouge au vert en fonction du pourcentage des utilisateurs qui les ont devinées à leur premier essai. Vous pouvez retrouver ces pourcentages ci-dessous.
 
Statistiques - réponses
Réponse % Correct
Loire
93%
Nil
92%
Rhin
91%
Rhône
89%
Mississippi
88%
Amazone
87%
Danube
86%
Tigre
71%
Congo
70%
Gange
70%
Volga
70%
Euphrate
69%
Niger
63%
Rio Grande
63%
Missouri
62%
Mékong
59%
Colorado
58%
Fleuve Saint-Laurent
58%
Amour
55%
Fleuve Jaune
55%
53%
Nil Bleu
51%
Sénégal
50%
Yangzi Jiang
49%
Zambèze
47%
Dniepr
45%
Tage
44%
Indus
43%
Elbe
42%
Ohio
42%
Ob
38%
Vistule
38%
Yukon
38%
Arkansas
34%
Léna
34%
Rio Uruguay
34%
Brahmapoutre
33%
Ebre
32%
Orange
32%
Rio Paraguay
32%
Don
30%
Rio Parana
29%
Douro
28%
Rio Negro
28%
Ienissei
27%
Mackenzie
26%
Rivière des Perles
26%
Orénoque
25%
Oural
25%
Tennessee
25%
Murray
24%
Dniestr
22%
Columbia
21%
Amou-Daria
20%
Syr-Daria
20%
Platte
18%
Irrawaddy
16%
Rio Tocantins
16%
Rivière Rouge
16%
Volta
16%
Rio Madeira
15%
Limpopo
14%
Irtych
13%
Okavango
13%
Snake
12%
Darling
11%
Oubangui
11%
Salouen
11%
Rio Sao Francisco
10%
Rivière des Outaouais
10%
Fleuve Nelson
9%
Rio Magdalena
9%
Rivière Saskatchewan
9%
Daugava
8%
Dvina septentrionale
8%
Kolyma
8%
Rio Xingu
8%
Rivière de la Paix
8%
Anadyr
7%
Jubba
7%
Kama
7%
Kasaï
7%
Krishna
7%
Narmada
7%
Petchora
7%
Rio Japura
7%
Rio Pilcomayo
7%
Rio Purus
7%
Rivière Athabasca
7%
Angara
6%
Godavari
6%
Helmand
6%
Koura
6%
Rio Araguaia
6%
Rio Tapajos
6%
Songhua
6%
Tarim
6%
Toungouska inférieure
6%
Aldan
5%
Indiguirka
5%
Aucun quiz correspondant
Distribution des résultats
% des personnes avec chaque résultat
Percentile par nombre de réponses
Votre historique - résultats
Vous n’avez pas pris ce quiz